| 000 | 01414nam0a2200361 4500 | ||
|---|---|---|---|
| 001 | RU\NLR\BIBL_A\011905442 | ||
| 005 | 20190116141429.0 | ||
| 010 |
_a978-5-9922-2803-8 _93000 |
||
| 021 |
_aRU _bКН-П-18-093183 _9КН-П-18-6754 |
||
| 035 | _a(NLR Aleph) 011905442 | ||
| 035 | _a(RuMoRGB)009831654 | ||
| 090 |
_a10905727 _c10905727 |
||
| 100 | _a20190109d2018 e y0rusy50 ca | ||
| 101 | 0 | _arus | |
| 102 | _aRU | ||
| 105 | _aa|||z|||000ay | ||
| 200 | 1 |
_aСумеречье _iУндина особых кровей _eроман _fИрина Матлак _g[художник: А. Клепаков] |
|
| 210 |
_aМосква _cАрмада & "Изд-во Альфа-книга" _d2018 |
||
| 215 |
_a280, [1] с. _cил. _d21 |
||
| 225 | 1 |
_aРомантическая фантастика _vвып. 403 |
|
| 225 | 1 |
_aФэнтези _iЛюбовный роман _iПриключения |
|
| 320 | _aДр. кн. авт.: с. 1 | ||
| 333 | _a16+ | ||
| 517 | 1 | _aУндина особых кровей | |
| 686 | 2 | _aШ6(2=Р)8-445 | |
| 700 | 1 |
_aМатлак _bИ. А. _gИрина Александровна |
|
| 702 | 1 |
_4040 _7ca _8rus _aКлепаков _bА. И. _cхудожник _f1971- _gАндрей И. _941879 _3RU\NLR\AUTH\7758947 |
|
| 942 | _cBOOK | ||
| 980 | _aNBR | ||
| 980 | _aNB | ||